Tajná služba: Hrozí nám nebezpečenstvo terorizmu poslanci prerokovali správu o činnosti Slovenskej ...

Bibliographic Details
Main Author: Borčin, Ján (Author)
Format: Article
Language:Slovak
ISSN:1335-4671
Subjects:

MARC

LEADER 00000nab a2200000 a 4500
001 vtls000888757
003 SK-MaSNL
005 20260304015615.0
008 180206c2004 xo 0 slo
015 |a SNBRB2004/10-30352 
035 |a CLN000240192 
040 |a SNKBUCL  |b slo  |c SNKBUCL  |e AACR2 
041 0 |a slo 
044 |a xo  |c SK 
080 |a 354.176.1(437.6)  |2 UDC-MRF-SK2 
080 |a 328.1(437.6):354.176.1  |2 UDC-MRF-SK2 
100 1 |a Borčin, Ján  |4 aut  |9 603520 
245 1 0 |a Tajná služba: Hrozí nám nebezpečenstvo terorizmu  |b poslanci prerokovali správu o činnosti Slovenskej ...  |c Ján Borčin 
610 2 7 |a Slovenská informačná služba  |2 snkbucl 
610 1 7 |a Slovensko.  |b Národná rada  |2 snkbucl  |9 165573 
650 0 7 |a tajné služby  |z Slovensko  |2 snkbucl  |9 67436 
655 7 |a články z novín a časopisov  |2 snkbucl  |9 267496 
773 0 |x 1335-4671  |t Národná obroda  |g Roč. XV, č. 221 (24.9.2004), s. 2 
850 |a Slovenská národná knižnica v Martine 
852 |a SNK  |b KIS3GCP 
958 |a RBX 
999 |c 2592613  |d 2594543